Tour de France 2025 - Top 30 au classement du meilleur grimpeur - Statistiques

Statistiques générales
  • Ce quiz a été pris 61 fois
  • Le résultat moyen est 23 sur 31
Statistiques - réponses
# Coureur Équipe Points % Correct
2 Jonas Vingegaard Team Visma | Lease a bike 104
100%
3 Lenny Martinez Bahrain Victorious 97
100%
1 Tadej Pogacar UAE Team Emirates XRG 119
100%
8 Primoz Roglic Red Bull - Bora-Hansgrohe 43
94%
7 Felix Gall Decathlon AG2R La Mondiale Team 46
93%
13 Florian Lipowitz Red Bull - Bora-Hansgrohe 34
93%
9 Oscar Onley Team Picnic PostNL 42
91%
11 Ben Healy EF Education-EasyPost 37
89%
5 Ben O'Connor Team Jayco AlUla 51
89%
4 Thymen Arensman INEOS Grenadiers 85
89%
6 Valentin Paret-Peintre Soudal Quick-Step 51
89%
27 Kevin Vauquelin Arkéa-B&B Hotels 7
83%
29 Anders Johannessen Uno-X Mobility 6
81%
17 Tobias Johannessen Uno-X Mobility 18
81%
15 Matteo Jorgenson Team Visma | Lease a bike 25
80%
25 Sepp Kuss Team Visma | Lease a bike 9
80%
31 Jonas Abrahamsen Uno-X Mobility 5
76%
16 Michael Storer Tudor Pro Cycling Team 19
76%
30 Simon Yates Team Visma | Lease a bike 5
74%
10 Michael Woods Israel - Premier Tech 38
72%
18 Tim Wellens UAE Team Emirates XRG 13
72%
20 Santiago Buitrago Bahrain-Victorious 12
69%
22 Victor Campenaerts Team Visma | Lease a bike 10
61%
14 Bruno Armirail Decathlon AG2R La Mondiale Team 27
59%
23 Ilan Van Wilder Soudal Quick-Step 10
59%
26 Quinn Simmons Lidl-Trek 8
59%
19 Aleksandr Vlasov Red Bull - Bora-Hansgrohe 12
56%
12 Einer Rubio Reyes Movistar Team 35
48%
21 Gregor Mühlberger Movistar Team 10
35%
28 Harry Sweeny EF Education EasyPost 6
35%
24 Tobias Foss INEOS Grenadiers 10
24%
Aucun quiz correspondant
Distribution des résultats
% des personnes avec chaque résultat
Percentile par nombre de réponses
Votre historique - résultats
Vous n’avez pas pris ce quiz